000
00224nam a22000857a 4500
008
160712b xxu||||| |||| 00| 0 eng d
100
_9
2647
_a
Clarke, A.C
245
_a
3001 The Final Odyssey
260
_a
Lon
_b
Harper Collins
_c
1997
999
_c
2300
_d
2300